| 000 | 00626nam a2200241 a 4500 | ||
|---|---|---|---|
| 001 | nice12345678 | ||
| 003 | IN_TiNIC | ||
| 005 | 20260116013258.0 | ||
| 008 | 050524s2000 dela grp 000 0 eng | ||
| 020 |
_a8172142 _c95 |
||
| 082 | 0 | 0 |
_a200.9 _bWIL |
| 100 | _aWilfred, Felix | ||
| 245 |
_aAsian Dreams and Christian Hope _b at the Dawon of the Millennium. |
||
| 260 |
_aDelhi _bISPCK _c2000 |
||
| 300 | _a312p | ||
| 500 | _aincludes index and biblioraphy | ||
| 505 | 2 | _aIndex | |
| 650 | _aHuman Rights-Religious Aspects | ||
| 700 | 1 | _aWilfred, Felix | |
| 902 | _bSRS | ||
| 942 | _cBK | ||
| 999 |
_c10380 _d10380 |
||